Introduction to affine group schemes /

Saved in:
Bibliographic Details
Main Author: Waterhouse, William C.
Format: Book
Language:English
Published: New York : Springer-Verlag, c1979.
Series:Graduate texts in mathematics ; 66
Subjects:
LEADER 00930nam a2200253 i 4500
001 c000303876
003 CARM
005 00000000000000.0
008 840302s1979 nyu 0 eng d
019 1 |a 1395275  |z 21943094  |5 LACONCORD2021 
020 |a 0387904212 
035 |a (OCoLC)4883146  |5 LACONCORD2021 
082 0 4 |a 512/.2 
100 1 |a Waterhouse, William C. 
245 1 0 |a Introduction to affine group schemes /  |c William C. Waterhouse. 
260 |a New York :  |b Springer-Verlag,  |c c1979. 
300 |a xi, 164 p. ;  |c 24 cm. 
490 0 |a Graduate texts in mathematics ;  |v 66 
500 |a Includes indexes. 
504 |a Bibliography: p. 158-160. 
650 0 |a Group schemes (Mathematics) 
852 8 |b CARM  |h A1:AQ20B0  |i B10557  |p 0367657  |f BK 
999 f f |i 81e16527-cecf-5cb9-9035-d5739eb47889  |s 203cafeb-0b88-5282-9d77-43387bddb239 
952 f f |p Can circulate  |a CAVAL  |b CAVAL  |c CAVAL  |d CARM 1 Store  |e B10557  |f A1:AQ20B0  |h Other scheme  |i book  |m 0367657